[Event "SVR-op"]
[Site "Heimbach Weis"]
[Date "2014.04.12"]
[Round "1"]
[White "Mehlem, Sabine"]
[Black "Heiglauer, Albert Andreas"]
[Result "1-0"]
[WhiteElo "1559"]
[BlackElo "1228"]
[PlyCount "127"]
[EventDate "2014.04.11"]
[EventType "swiss"]
[EventRounds "7"]
[EventCountry "GER"]
[SourceTitle "CBM 160 Extra"]
[Source "ChessBase"]
[SourceDate "2014.07.01"]
[SourceVersion "1"]
[SourceVersionDate "2014.07.01"]
[SourceQuality "1"]

1. d4 Nf6 2. e3 g6 3. Bd3 Bg7 4. f4 e6 5. Nf3 d6 6. Nbd2 Nc6 7. a3 a5 8. 0-0 0-0 9. c3 Bd7 10. e4 Ng4 11. Qe2 e5 12. h3 exd4 13. hxg4 Bxg4 14. c4 Qf6 15. Nb1 Rfe8 16. Qf2 Bxf3 17. Qxf3 Nd8 18. Nd2 Ne6 19. Qg3 Nc5 20. Be2 d3 21. e5 Qf5 22. Bd1 dxe5 23. fxe5 Qxe5 24. Qxe5 Rxe5 25. Nf3 Re7 26. Rb1 Ne4 27. Bd2 Rae8 28. Bxa5 d2 29. Bxd2 Nxd2 30. Nxd2 Re1 31. Nf3 R1e3 32. Ba4 c6 33. Bd1 h6 34. Kf2 g5 35. Re1 Rxe1 36. Nxe1 Bd4+ 37. Kf1 Re4 38. Nd3 f5 39. Bc2 f4 40. Re1 Rxe1+ 41. Kxe1 Kg7 42. Bd1 Kf6 43. Bg4 Kg6 44. Ke2 h5 45. Bc8 b6 46. Kf3 c5 47. b3 Bc3 48. Nf2 Bb2 49. a4 Bc3 50. Ne4 Bd4 51. Bd7 Bg1 52. Nd6 Bh2 53. Nc8 g4+ 54. Kf2 Bg3+ 55. Kf1 f3 56. gxf3 gxf3 57. Nxb6 Kg5 58. Nd5 Bf4 59. Nxf4 Kxf4 60. a5 h4 61. a6 h3 62. Bxh3 Kg3 63. a7 Kxh3 64. Kf2 1-0